000 00698nam a2200229Ia 4500
003 OSt
005 20220923213423.0
006 a|||||r|||| 00| 0
007 ta
008 220922b |||||||| |||| 00| 0 hin d
024 _a161,813
037 _cTextual
040 _aARTS
_cARTS
_bhin
041 _2hin
_ahin
082 _aO152:3M80w, G0;2
100 _aप्रेमचंद
_9156277
245 0 _aप्रेमचंद की सर्वश्रेष्ठ कहानियां
246 _aPremachanda kī sarvashreṣhṭha kahāniyāan
260 _c1930
942 _hO152:3M80w, G0;2
_cTEXL
_2CC
999 _c316360
_d316360